<?xml version="1.0" encoding="UTF-8"?><?xml-stylesheet type="text/xsl" href="static/style.xsl"?><OAI-PMH xmlns="http://www.openarchives.org/OAI/2.0/" xmlns:xsi="http://www.w3.org/2001/XMLSchema-instance" xsi:schemaLocation="http://www.openarchives.org/OAI/2.0/ http://www.openarchives.org/OAI/2.0/OAI-PMH.xsd"><responseDate>2026-04-17T11:54:56Z</responseDate><request verb="GetRecord" identifier="oai:www.recercat.cat:2445/162328" metadataPrefix="marc">https://recercat.cat/oai/request</request><GetRecord><record><header><identifier>oai:recercat.cat:2445/162328</identifier><datestamp>2025-12-05T10:21:33Z</datestamp><setSpec>com_2072_1057</setSpec><setSpec>col_2072_478917</setSpec><setSpec>col_2072_478927</setSpec></header><metadata><record xmlns="http://www.loc.gov/MARC21/slim" xmlns:dcterms="http://purl.org/dc/terms/" xmlns:xsi="http://www.w3.org/2001/XMLSchema-instance" xmlns:doc="http://www.lyncode.com/xoai" xsi:schemaLocation="http://www.loc.gov/MARC21/slim http://www.loc.gov/standards/marcxml/schema/MARC21slim.xsd">
   <leader>00925njm 22002777a 4500</leader>
   <datafield ind2=" " ind1=" " tag="042">
      <subfield code="a">dc</subfield>
   </datafield>
   <datafield ind2=" " ind1=" " tag="720">
      <subfield code="a">Ameneiros Serantes, S.</subfield>
      <subfield code="e">author</subfield>
   </datafield>
   <datafield ind2=" " ind1=" " tag="720">
      <subfield code="a">Delgado Molina, Esther</subfield>
      <subfield code="e">author</subfield>
   </datafield>
   <datafield ind2=" " ind1=" " tag="720">
      <subfield code="a">Berini Aytés, Leonardo</subfield>
      <subfield code="e">author</subfield>
   </datafield>
   <datafield ind2=" " ind1=" " tag="720">
      <subfield code="a">Gay Escoda, Cosme</subfield>
      <subfield code="e">author</subfield>
   </datafield>
   <datafield ind2=" " ind1=" " tag="260">
      <subfield code="c">2020-05-25T15:51:28Z</subfield>
   </datafield>
   <datafield ind2=" " ind1=" " tag="260">
      <subfield code="c">2020-05-25T15:51:28Z</subfield>
   </datafield>
   <datafield ind2=" " ind1=" " tag="260">
      <subfield code="c">2002-05</subfield>
   </datafield>
   <datafield ind2=" " ind1=" " tag="260">
      <subfield code="c">2020-05-25T15:51:29Z</subfield>
   </datafield>
   <datafield ind2=" " ind1=" " tag="520">
      <subfield code="a">La artritis reumatoide es una enfermedad inflamatoria crónica poliarticular que afecta habitualmente a las articulaciones periféricas con una distribución simétrica. Sus manifestaciones básicas son el dolor, la deformación articular y la limitación funcional, siendo su característica principal una sinovitis inflamatoria persistente. La artritis reumatoide tiene una afectación bilateral y simétrica de las articulaciones (incluyendo la articulación temporomandibular), a diferencia de la artritis psoriásica, cuya afectación es unilateral y asimétrica. Los cambios radiológicos que observamos en la articulación temporomandibular tanto en la artritis reumatoide como en la artritis psoriásica han sido correlacionados con la duración y severidad de los síntomas en esta articulación, la enfermedad articular en general, la pérdida de soporte oclusal, mordida abierta anterior e interferencias oclusales, así como hábitos parafuncionales y posturales del paciente. Este trabajo describe las características de la artritis reumatoide y la artritis psoriásica en la articulación temporomandibular exponiendo sus principales signos y síntomas, así como los exámenes complementarios que deben ser realizados para llegar a su diagnóstico. Además, explica el tratamiento necesario para preservar la salud bucodental, la estabilidad oclusal y el control de los hábitos parafuncionales del paciente, ya que existe una estrecha relación entre éstos y la afectación de la articulación temporomandibular.</subfield>
   </datafield>
   <datafield tag="653" ind2=" " ind1=" ">
      <subfield code="a">Articulació temporomandibular</subfield>
   </datafield>
   <datafield tag="653" ind2=" " ind1=" ">
      <subfield code="a">Artritis reumatoide</subfield>
   </datafield>
   <datafield tag="653" ind2=" " ind1=" ">
      <subfield code="a">Reumatisme</subfield>
   </datafield>
   <datafield tag="653" ind2=" " ind1=" ">
      <subfield code="a">Temporomandibular joint</subfield>
   </datafield>
   <datafield tag="653" ind2=" " ind1=" ">
      <subfield code="a">Rheumatoid arthritis</subfield>
   </datafield>
   <datafield tag="653" ind2=" " ind1=" ">
      <subfield code="a">Rheumatism</subfield>
   </datafield>
   <datafield ind2="0" ind1="0" tag="245">
      <subfield code="a">La artritis reumatoide y psoriásica de la articulación temporomandibular. Diagnóstico y tratamiento</subfield>
   </datafield>
</record></metadata></record></GetRecord></OAI-PMH>